000 00643nam a22002417a 4500
003 UA-OsUOA
001 50296
007 ta
008 20071114b un ||||| |||| 00| 0 ukr d
100 _aЦендровский В.
090 _a82-09
_bЦ37
942 _cBK
040 _aUA-OsUOA
_brus
_cUA-OsUOA
_dUA-OsUOA
245 _aВ прямом эфире
_b61 диалог о главном
300 _a501 с.
955 _a2
041 _arus
080 _a82-09
020 _a966-8455-07-Х
260 _aК.
_bПоэзия
_c2004
650 7 _a82 Література. Літературознавство
_2UDC
999 _c336396
_d336396